000 01322nam a2200205Ia 4500
003 Ost
005 20260507075631.0
008 260507s9999||||xx |||||||||||||| ||und||
040 _cfsecg
041 _aara
082 _a657.837
100 _aعطية، هاشم احمد
_eمؤلف
245 0 _aدراسات في المحاسبة المتخصصة :
_bالنظام المحاسبي ونظام محاسبة التكاليف في المنشات الخدمية "الفنادق" /
_c هاشم احمد عطية
260 _aالاسكندرية:
_bالدار الجامعية,
_c2002
300 _a329 صفحة؛
_c24 سم
504 _aالمراجع ص.329
520 _aتجد في هذا الكتاب : عموميات نظام المعلومات والنشاط الفندقي ، نظام المعلومات خطوات التصميم ، الخصائص المتميزة للنتشاط الفندقي ،الأنشطة والوظائف الفندقية تصميم المجموعات المستندة من النشاط ،التسويقات الجردية والقوائم المالية في النشاط الفندقي ، نظام محاسبة التكاليف في النشاط ، أساليب تقييم الأداء في النشاط الفندقي
653 _aالفنادق-محاسبة
942 _cكتاب
999 _c45207
_d45207